Pôvod a rozšírenie slova prť v slovenčine

Bibliographic Details
Main Author: Habovštiak, Anton, 1924-2004 (Author)
Format: Article
Language:Slovak
Subjects:

MARC

LEADER 00000nab a2200000 a 4500
001 vtls009181898
003 SK-MaSNL
005 20260304163250.0
008 250507c1972 xo |||||| | ||00 b|slo
015 |a SNBRB2008/02  |2 snkbucl 
035 |a (uuid)84fe04af-3089-4504-824b-5fbddbf6e458 
035 |a urn:nbn:sk:snk-abc30i 
035 |a (urnnbn)urn:nbn:sk:snk:ar-002rla 
038 |a SNKBUCL 
040 |a SNKBUCL  |b slo  |c SNKBUCL  |e AACR2 
041 0 |a slo 
044 |a xo  |c SK 
080 |a 811.162.4`373  |2 1997 
080 |a 811.162.4`373.6  |2 1997 
080 |a 81`373:811.162.4  |2 1997 
080 |a 81`282.2:811.162.4  |2 1997 
080 |a 811.162.4`282.2  |2 1997 
080 |a 81`373.6:811.162.4  |2 1997 
100 1 |a Habovštiak, Anton,  |d 1924-2004  |4 aut  |9 92747 
245 1 0 |a Pôvod a rozšírenie slova prť v slovenčine  |c Anton Habovštiak 
504 |a Literatúra 
650 0 7 |a slovenčina  |2 snkbucl  |9 1350 
650 0 7 |a slovná zásoba  |2 snkbucl  |9 66837 
650 0 7 |a nárečová slovná zásoba  |2 snkbucl  |9 1085440 
650 0 7 |a dialekty  |2 snkbucl  |9 19030 
650 0 7 |a slovenské dialekty  |2 snkbucl  |9 14589 
773 0 |t Slovenská reč  |g Roč. 37, č. 5 (1972), s. 278-291 
850 |a Slovenská národná knižnica 
852 |a Slovenská národná knižnica 
954 |a odborná, vedecká literatúra pôvodná (slovenská)  |2 lita 
958 |a article15 
958 |a OND 
958 |a NB 
958 |a EUIPO 
999 |c 2977268  |d 2979198